000 00287nam a2200109Ia 4500
008 200302s9999 xx 000 0 und d
100 _aMarlene Ann Birkman
245 _aGgyo Obata- Architects/Clients/Reflections
260 _bImages Publishing, Austraila
260 _c2010
300 _a240
999 _c4509
_d4509